| 000 | 00735nam a2200205 a 4500 | ||
|---|---|---|---|
| 003 | 0 | ||
| 005 | 20250221123731.0 | ||
| 008 | 111115s19uu xx 00 eng d | ||
| 050 |
_aPGS LB 1049.5.G46 _b.L477 2011 |
||
| 100 | _aLee, Ju Hee. | ||
| 245 |
_aGender and study habits of SISC grade 6 students / _cJu Hee Lee. |
||
| 260 |
_aLas PiƱas City, Philippines : _bSouthville International School and Colleges, _c2011. |
||
| 300 |
_a18 pages : _billustrations ; _c28 cm. |
||
| 504 | _aIncludes bibliographical references. | ||
| 650 | _aStudy habits. | ||
| 650 | _aGender differences in education. | ||
| 650 |
_aAcademic achievement _vSex differences. |
||
| 650 |
_aElementary school students _vStudy skills. |
||
| 942 |
_2lcc _cPASS |
||
| 999 |
_c98649 _d98649 |
||